|
|
|
|
| LEADER |
01049nam a2200313 4500 |
| 001 |
DLU110117464 |
| 005 |
##20101221 |
| 040 |
# |
# |
|a DLU
|b eng
|
| 041 |
# |
# |
|a eng
|
| 044 |
# |
# |
|a us
|
| 100 |
# |
# |
|a Kiluk, Brian D.
|
| 245 |
# |
# |
|a Neurocognitive indicators predict results of an informed-consent quiz among substance-dependent treatment seekers entering a randomized clinical trial /
|c Brian D. Kiluk, Charla Nich, Kathleen M. Carroll.
|
| 653 |
# |
# |
|a Alcoholism
|
| 653 |
# |
# |
|a Clinical trial
|
| 653 |
# |
# |
|a Controlled therapeutic trial
|
| 653 |
# |
# |
|a Predictive factor
|
| 653 |
# |
# |
|a Substance abuse
|
| 700 |
# |
# |
|a Carroll, Kathleen M.
|
| 700 |
# |
# |
|a Nich, Charla.
|
| 773 |
# |
# |
|t Journal of studies on alcohol and drugs
|g Vol. 71, no. 5 (September 2010), p. 704-712
|
| 920 |
# |
# |
|a Phòng Tạp chí -- Trung tâm Thông tin - Thư viện Trường Đại học Đà Lạt
|
| 994 |
# |
# |
|a DLU
|
| 900 |
# |
# |
|a True
|
| 911 |
# |
# |
|a Trương Bảo Trâm Anh
|
| 925 |
# |
# |
|a G
|
| 926 |
# |
# |
|a A
|
| 927 |
# |
# |
|a BB
|
| 980 |
# |
# |
|a Thư viện Trường Đại học Đà Lạt
|